=LDR 00000nam 2200000 4500 =001 INLIS000000000018710 =005 20240822125959 =035 ##$$a 0010-061300000018710 =008 240822################g##########0#ind## =041 ##$$a Ind =082 ##$$a 340.115 =090 ##$$a 340.115, Rij s =100 ##$$a RIJKSCHROEFF,B.R =245 1#$$a Sosiologi hukum dan sosiologi hukum, /$c B.R. Rijkschroeff =260 ##$$a Bandung :$b Mandar Maju,$c 2001 =300 ##$$a xiv, 266 hlm., ; $c 21 cm =650 #4$$a SOSIOLOGI HUKUM =850 ##$$a NBPNMAT =084 ##$$a 340.115 RIJ s =990 ##$$a 19551955 =990 ##$$a 1036208